Сб. 43: Туннельные, цементационные и открытые горные работы. Геофизика: [сборник]; Труды Гидропроекта

Detaylı Bibliyografya
Parent link:Всесоюзный проектно-изыскательский и научно-исследовательский институт "ГИДРОПРОЕКТ" имени С. Я. Жука. Труды Гидропроекта: [сборник]. Сб. 43: Туннельные, цементационные и открытые горные работы. Геофизика.— .— Москва: Изд-во Гидропроекта, 1958-1989
Müşterek Yazar: Всесоюзный проектно-изыскательский и научно-исследовательский институт "ГИДРОПРОЕКТ" имени С. Я. Жука
Diğer Yazarlar: Жебенев О. П. (редактор)
Özet:Библиогр. в конце ст.
Dil:Rusça
Baskı/Yayın Bilgisi: 1974
Konular:
Materyal Türü: MixedMaterials Kitap
KOHA link:https://koha.lib.tpu.ru/cgi-bin/koha/opac-detail.pl?biblionumber=673764

MARC

LEADER 00000nam2a2200000 4500
001 673764
005 20250131170127.0
035 |a (RuTPU)RU\TPU\book\41460 
090 |a 673764 
100 |a 20240722d1974 k||y0rusy50 ca 
101 0 |a rus 
102 |a RU 
105 |a a j 001zy 
181 0 |a i   |b  e  
182 0 |a n 
183 0 |a nc  |2 RDAcarrier 
200 1 |a Сб. 43: Туннельные, цементационные и открытые горные работы. Геофизика  |e [сборник]  |f под ред. О. П. Жебенева 
203 |a Текст  |b визуальный  |c непосредственный 
210 |d 1974 
215 |a 182 с.  |c ил. 
283 |a volume  |2 RDAcarrier 
300 |a Библиогр. в конце ст. 
461 1 |0 264157  |9 264157  |a Всесоюзный проектно-изыскательский и научно-исследовательский институт "ГИДРОПРОЕКТ" имени С. Я. Жука  |c Москва  |d 1958-1989  |n Изд-во Гидропроекта  |o [сборник]  |t Труды Гидропроекта  |v Сб. 43: Туннельные, цементационные и открытые горные работы. Геофизика 
500 1 0 |a Труды Гидропроекта  |9 88828 
606 1 |a Туннели гидротехнические  |x Строительство  |2 stltpush  |3 (RuTPU)RU\TPU\subj\6864  |9 79187 
606 1 |a Гидротехнические сооружения  |x Цементация  |9 34681 
606 1 |a Геофизика горная  |9 34181 
610 1 |a инженерная геология 
610 1 |a фильтрация 
610 1 |a геофизика 
610 1 |a эффект взрывов 
610 1 |a сейсмобезопасность 
610 1 |a скальные работы 
610 1 |a земляные работы 
675 |a 624.196  |v 4 
675 |a 627.8.05  |v 4 
675 |a 622.1:55  |v 4 
702 1 |a Жебенев  |b О. П.  |4 340 
712 0 2 |a Всесоюзный проектно-изыскательский и научно-исследовательский институт "ГИДРОПРОЕКТ" имени С. Я. Жука  |3 (RuTPU)RU\TPU\col\11545  |9 25169 
801 1 |a RU  |b 63413507  |c 20240722  |g PSBO 
801 2 |a RU  |b 63413507  |c 20161027  |g PSBO 
942 |c CR